| 000 | 00558nam a22001937a 4500 | ||
|---|---|---|---|
| 999 |
_c522655 _d522655 |
||
| 003 | NUST | ||
| 005 | 20191018115828.0 | ||
| 020 | _cAvailable | ||
| 038 | _aNusrat Nadeem | ||
| 040 |
_aDLC _bDLC _cRCMS |
||
| 082 |
_a004.12 _bANU |
||
| 100 |
_aAnum Javed. _924388 |
||
| 245 |
_aMS/Thesis:Projection - Based Model Order Reduction for Biochemical Systems / _cJaved Anum |
||
| 260 |
_aIslamabad, _bRCMS, _c2018. |
||
| 300 |
_a52,p: _bHB. _c30,cm. |
||
| 600 |
_xComputational engineering _924389 |
||
| 700 | _4 Dr.Mian Ilyas Ahmad(Supervisor) | ||
| 942 |
_2ddc _cTHE |
||